000
00262nam a22001217a 4500
008
170313b xxu||||| |||| 00| 0 eng d
041
_a
eng
080
_a
591
100
_a
7
101
_a
SHM
245
_a
DESMOND MORRIS ANIMAL GAYS
_c
MORROW.W
942
_2
udc
_c
BK
999
_c
7665
_d
7665